00397nam a2200121Ia 4500008004100000100002600041245002100067245003300088260000900121856005300130999001900183952007300202160531s9999 xx 000 0 und d aZaidi, Farhan Husain. aCataract Surgery cby Farhan Husain Zaidi (ed.) c2013 uhttp://www.intechopen.com/books/cataract-surgery c295401d295401 001040aCLbCLd2016-05-31l0r2016-05-31 00:00:00w2016-05-31yCBE